Prídeme o mladých startupistov?
Slovenské podnikateľské prostredie vstupuje do roku 2026 pod tieňom tretieho konsolidačného balíčka, ktorý opäť zvyšuje daňovo-odvodové zaťaženie. Pre mnohých maloobchodníkov a startupistov sa domáci trh stáva priúzkym a pridrahým. Hrozí preto masívny odliv talentov a kapitálu. Odborníci zdôrazňujú...
Gespeichert in:
| 1. Verfasser: | |
|---|---|
| Format: | Buchkapitel |
| Sprache: | Slowakisch |
| Schlagworte: | |
| Tags: |
Keine Tags, Fügen Sie das erste Tag hinzu!
|
MARC
| LEADER | 00000naa a2200000 4500 | ||
|---|---|---|---|
| 001 | 0315309 | ||
| 005 | 20260306131253.5 | ||
| 041 | 0 | |a slo | |
| 044 | |a SK | ||
| 245 | 1 | 0 | |a Prídeme o mladých startupistov? |c Gabriela Alenová |
| 520 | |a Slovenské podnikateľské prostredie vstupuje do roku 2026 pod tieňom tretieho konsolidačného balíčka, ktorý opäť zvyšuje daňovo-odvodové zaťaženie. Pre mnohých maloobchodníkov a startupistov sa domáci trh stáva priúzkym a pridrahým. Hrozí preto masívny odliv talentov a kapitálu. Odborníci zdôrazňujú možnosť expanzie do zahraničia. Autorka na záver porovnáva prehľad zaťaženia za rok 2025 medzi V4, Dubajom, Maltou a Singapurom. | ||
| 610 | 2 | 0 | |a start-up |
| 610 | 2 | 0 | |a podpora podnikania |
| 610 | 2 | 0 | |a bariéry podnikania |
| 610 | 2 | 0 | |a konsolidácia |
| 610 | 2 | 0 | |a zaťaženie daňové |
| 610 | 2 | 0 | |a odvody |
| 100 | 1 | |a Alenová, Gabriela | |